My Fair Lady (Record n. 103745)
[ formato base ]
| 000 -LEADER | |
|---|---|
| fixed length control field | 01188njm a2200277Ia 4500 |
| 001 - CONTROL NUMBER | |
| control field | 24607 |
| 003 - CONTROL NUMBER IDENTIFIER | |
| control field | IT-RoPAU |
| 005 - DATE AND TIME OF LATEST TRANSACTION | |
| control field | 20220918181213.0 |
| 008 - FIXED-LENGTH DATA ELEMENTS--GENERAL INFORMATION | |
| fixed length control field | 131025s9999 xx 000 0 und d |
| 040 ## - CATALOGING SOURCE | |
| Original cataloging agency | IT-RoPAU |
| 040 ## - CATALOGING SOURCE | |
| Transcribing agency | IT-RoPAU |
| 999 ## - SYSTEM CONTROL NUMBERS (KOHA) | |
| Koha Dewey Subclass [OBSOLETE] | n.d. |
| 100 ## - MAIN ENTRY--PERSONAL NAME | |
| Personal name | Loewe Frederick |
| 9 (RLIN) | 10917 |
| 100 ## - MAIN ENTRY--PERSONAL NAME | |
| Relator term | Autore musica |
| 9 (RLIN) | 10918 |
| 100 ## - MAIN ENTRY--PERSONAL NAME | |
| Miscellaneous information | Codice autore musica SPICS: 10988 |
| 9 (RLIN) | 10919 |
| 245 ## - TITLE STATEMENT | |
| Title | My Fair Lady |
| 250 ## - EDITION STATEMENT | |
| Edition statement | 1a ed. |
| 260 ## - PUBLICATION, DISTRIBUTION, ETC. (IMPRINT) | |
| Place of publication, distribution, etc. | ITALIA |
| 260 ## - PUBLICATION, DISTRIBUTION, ETC. (IMPRINT) | |
| Name of publisher, distributor, etc. | FAMILY RECORDS |
| Date of publication, distribution, etc. | 1972 [1a Ed.:1972] |
| 300 ## - PHYSICAL DESCRIPTION | |
| Extent | DISCO |
| 500 ## - GENERAL NOTE | |
| General note | Colonna sonora. Musica da film. Strumentale |
| 505 ## - FORMATTED CONTENTS NOTE | |
| Formatted contents note | I Could Have Denced All Night (Vorrei danzar con te) - I've Grown Accustomed To Her Face (Hai da un volto ai sogni miei) - Readin', Ritin' And Dignity - Wouldn't It Be Lovely (Sarebbe splendido) - A Lady Through and Through - Get Me To the Curch On Time (Oggi mi sposo) - Ascot Promenade (L'angolo incantevole) - On the Street Where You Live - A Cockney In Love - With A Little Bit of Luck (Con un briciolo di fortuna) |
| 511 ## - PARTICIPANT OR PERFORMER NOTE | |
| Participant or performer note | Orchestra 101 Strings diretta da Muller Richard |
| 650 ## - SUBJECT ADDED ENTRY--TOPICAL TERM | |
| Topical term or geographic name as entry element | COLONNA SONORA [DISCHI] |
| Relator term | Codice MATERIA SPICS: 9950 |
| 9 (RLIN) | 10920 |
| 942 ## - ADDED ENTRY ELEMENTS (KOHA) | |
| Koha item type | DISCHI |
| Source of classification or shelving scheme | Dewey Decimal Classification |
| Withdrawn status | Lost status | Damaged status | Not for loan | Home library | Current library | Date acquired | Total Checkouts | Full call number | Date last seen | Price effective from | Koha item type | Public note |
|---|---|---|---|---|---|---|---|---|---|---|---|---|
| Buone Condizioni | Not For Loan | SPICS-MEDIATECA | SPICS-MEDIATECA | 25/10/2013 | 24607 | 25/10/2013 | 25/10/2013 | DISCHI | Progr. Ins.: 5302 / N.Vol.: 1 / Copie: 1 - Copia rara: n.d. / date import: 01.01.2014 - By Epidotti, Trombetti, Vaglietti |